|
|
|
|
| LEADER |
00000nas a2200000 a 4500 |
| 001 |
ssj0001454065 |
| 003 |
WaSeSS |
| 005 |
20200512172242.0 |
| 006 |
m d |
| 007 |
cr n |
| 008 |
090716d20uu201unyuqr p s | a0eng |
| 010 |
|
|
|a 2009200358
|
| 022 |
|
|
|y 1949-498X
|
| 035 |
|
|
|a (WaSeSS)ssj0001454065
|
| 037 |
|
|
|b Nova Science Publishers, Inc., 400 Oser Avenue, Suite 1600, Hauppauge, NY 11788-3619
|c $55.00 (single issue)
|c $195.00 (1 yr.)
|
| 040 |
|
|
|a DLC
|b eng
|c DLC
|d DLC
|d OCLCF
|d OCLCO
|d AU@
|d DLC
|d WaSeSS
|
| 042 |
|
|
|a pcc
|a nsdp
|
| 050 |
0 |
0 |
|a QL1
|b .A4684
|
| 082 |
1 |
0 |
|a 590
|2 14
|
| 210 |
0 |
|
|a Anim. biol. j.
|
| 222 |
|
0 |
|a Animal biology journal
|
| 245 |
0 |
0 |
|a Animal biology journal
|h [electronic resource].
|
| 260 |
|
|
|a Hauppauge, N.Y. :
|b Nova Science Publishers, Inc.
|
| 310 |
|
|
|a Quarterly
|
| 506 |
|
|
|a License restrictions may limit access.
|
| 588 |
|
|
|a Description based on: Vol. 2, issue 1 (2011); title from cover.
|
| 588 |
|
|
|a Latest issue consulted: Vol. 2, issue 1 (2011).
|
| 650 |
|
0 |
|a Zoology
|v Periodicals.
|
| 650 |
|
7 |
|a Zoology.
|2 fast
|0 (OCoLC)fst01184696
|
| 655 |
|
0 |
|a Electronic journals.
|
| 850 |
|
|
|a DLC
|
| 856 |
4 |
0 |
|z Full text available from Research Library: 01/01/2011 to 10/31/2013
|u https://search.proquest.com/publication/2034892
|